| 000 | 00535nam a2200181Ia 4500 | ||
|---|---|---|---|
| 003 | GCL | ||
| 008 | 140319s9999 xx 000 0 ara d | ||
| 040 |
_aGCL / _cGCL |
||
| 082 | 0 | 4 |
_a321.4 _bع د |
| 100 | 1 | _aعبدالفتاح حسين العدوى | |
| 245 | 1 | 0 |
_aالديمقراطية وفكرةالدولة / _cعبدالفتاح حسين العدوى |
| 300 | _a420 | ||
| 490 |
_a100 قصة _v0 |
||
| 650 | 0 | 4 | _aالديمقراطية |
| 650 | 0 | 4 | _aالسلطات |
| 650 | 0 | 4 | _aالوعى الجماهيرى |
| 942 |
_2ddc _cBK |
||
| 999 |
_c43436 _d43436 |
||